Countries with "republic" in the name - Statistics

General Stats
  • This quiz has been taken 62 times
  • The average score is 4 of 5
Answer Stats
Country % Correct
Democratic Republic of the Congo
98%
Republic of the Congo
91%
Czech Republic
82%
Dominican Republic
80%
Central African Republic
67%
No matching quizzes found
Score Distribution
Percent of People with Each Score
Percentile by Number Answered
Your Score History
You have not taken this quiz